000
00207nam a2200085Ia 4500
008
170524s9999 xx 000 0 und d
100
_a
Amendola - Joseph
245
0
_a
Understanding baking
260
_b
John wiley & sons-
260
_c
2002
999
_c
7478
_d
7478